000 00282nam a2200109Ia 4500
001 588929
005 20250717120839.0
008 250717s9999 xx 000 0 und d
245 0 _aY-8 MAYTAP VE PROFESÖR GİBİ
_cSÜMEYRA TURANALP
260 _bERDEM YAYINLARI
_c2017
300 _b112
999 _c588929
_d588929